000 00275nam a22001217a 4500
003 SGT
082 _a330
_bA07B
100 _aBAKSHI, RAJNI
245 _aAN ECONOMICS FOR WELL BEING
260 _bCENTRE FOR EDUCATION & DOCUMENTATION
_c2007
300 _a126
942 _2ddc
_cBK
999 _c31855
_d31855